Boletn̕ jurd̕ico

Detalles Bibliográficos
Formato: eBook
Lenguaje:español
Publicado: Bogot:̀ Superintendencia Sociedades, 2015 -
Materias:
Acceso en línea:Acceso restringido

MARC

LEADER 00000nam a22000007a 4500
005 20150707130157.0
007 cr|||| ||||
008 150707s20159999co mr|p s||||f0|||a1spa d
035 |a 12727 
040 |a vLex 
090 |c 5479  |d 5479 
245 0 0 |a Boletn̕ jurd̕ico  |h [Recurso electrn̤ico] 
256 |a Servicio en ln̕ea 
260 |a Bogot:̀  |b Superintendencia Sociedades,  |c 2015 - 
300 |a 1 recurso electrn̤ico 
310 |a Mensual 
362 |a Nm︢. 1 (2015) -  
506 1 |a Contenido disponible en los productos indicados  |d vLex Global  |d vLex Global (Academic Edition, excluding Law Schools)  |d vLex Global (U.S. Academic Edition, Law Schools)  |d vLex Global (U.S. Academic Edition, excluding Law Schools)  |d vLex Global (Academic Edition, Law Schools) 
650 0 4 |a Derecho  |v Revistas  |z Colombia 
740 0 |a vLex Revistas (Servicio en ln̕ea) 
856 4 0 |u http://vlex.com/source/boletin-juridico-12727  |z Acceso restringido 
942 |c REV 
999 0 |a Law